header

Print in transition, 1850-1910 (Record no. 206430)

MARC details
000 -LEADER
fixed length control field 01629nam a2200373 a 4500
082 04 - DEWEY DECIMAL CLASSIFICATION NUMBER
Classification number 070.5/0941/09034
100 1# - MAIN ENTRY--AUTHOR NAME
Personal name Brake, Laurel,
245 10 - TITLE STATEMENT
Title Print in transition, 1850-1910
260 ## - PUBLICATION, DISTRIBUTION, ETC. (IMPRINT)
Place of publication Houndmills, Basingstoke, Hampshire ;
-- New York :
Name of publisher Palgrave,
Year of publication 2001.
300 ## - PHYSICAL DESCRIPTION
Number of Pages xv, 341 p. :
Other physical details ill.
650 #0 - SUBJECT ADDED ENTRY--TOPICAL TERM
Topical Term Publishers and publishing
Topical Term Publishers and publishing
Topical Term English periodicals
Topical Term English periodicals
Topical Term Sex in mass media
Topical Term Sex in mass media
856 40 - ELECTRONIC LOCATION AND ACCESS
Uniform Resource Identifier http://site.ebrary.com/lib/rucke/Doc?id=10103772

No items available.

© 2026 Rongo University
Contact us: librarian | system librarian | Rongo university